|
|
|
|
| LEADER |
00000nam a2200000 a 4500 |
| 001 |
vtls001413448 |
| 003 |
SK-MaSNL |
| 005 |
20260302072229.0 |
| 008 |
240314s2001 xo a r y 0 slo |
| 015 |
|
|
|a SNBI2001/03-01764
|
| 020 |
|
|
|a 8089010024
|
| 035 |
|
|
|a SNK000368171
|
| 040 |
|
|
|a SNK
|b slo
|c SNK
|e AACR2
|
| 041 |
0 |
|
|a slo
|
| 044 |
|
|
|a xo
|c SK
|
| 080 |
|
|
|a 657.11:336.2.024.1(049.4)(094.5)
|2 1981
|
| 080 |
|
|
|a 336.2.024.1
|2 1981
|
| 100 |
1 |
|
|a Baštincová, Anna,
|d 1949-
|4 aut
|9 85357
|
| 240 |
1 |
0 |
|a Daňovo uznateľné výdavky
|p Február 2001
|
| 245 |
1 |
0 |
|a Daňovo uznateľné výdavky v jednoduchom účtovníctve fyzických osôb od A po Z
|p Základné dielo - február 2001
|c Anna Baštincová a kolektív autorov
|
| 260 |
|
|
|a Bratislava
|b Verlag Dashöfer
|c 2001
|
| 300 |
|
|
|a [718] s.
|b tab.
|c 23 cm
|
| 500 |
|
|
|a Voľné listy zopnuté v karisbloku
|
| 650 |
0 |
7 |
|a účtovníctvo jednoduché
|x výdavky daňové
|x osoby fyzické
|x pokyny
|x zákony
|x príručky
|2 SNK
|9 735038
|
| 655 |
|
7 |
|a pokyny
|2 SNK
|9 70685
|
| 655 |
|
7 |
|a zákony
|2 SNK
|9 70186
|
| 700 |
1 |
|
|a Jarinkovičová, Valéria
|4 aut
|9 274437
|
| 700 |
1 |
|
|a Kaletová, Viera
|4 aut
|9 410816
|
| 700 |
1 |
|
|a Kasalová, Júlia
|4 aut
|9 527246
|
| 700 |
1 |
|
|a Lauko, Štefan
|4 aut
|9 527247
|
| 700 |
1 |
|
|a Makarová, Margita
|4 aut
|9 11643
|
| 700 |
1 |
|
|a Matlák, Ján,
|d 1950-
|4 aut
|9 201803
|
| 700 |
1 |
|
|a Ninčáková, Božena
|4 aut
|9 193866
|
| 730 |
|
|
|t Daňovo uznateľné výdavky
|9 297839
|
| 776 |
1 |
|
|a Daňovo uznateľné výdavky elektronický zdroj.Február 2001
|
| 919 |
|
|
|a 80-89010-02-4
|
| 958 |
|
|
|a TL
|
| 958 |
|
|
|a OND
|
| 999 |
|
|
|c 1155621
|d 1157551
|
| 952 |
|
|
|t P60, <03>, [BOOK], {603}
|a SNK
|b SNK
|y PREZ
|7 0
|p 17A0302926
|o snkSC 104952
|i snkKSP 6534/2001
|0 0
|1 0
|4 0
|d 2001-05-18
|l 0
|r 2025-09-25 00:00:00
|w 2026-02-24
|
| 952 |
|
|
|a SNK
|b SNK
|y PREZ
|7 0
|p 17A0302925
|o snkSC 104952 D1
|i snkKSP 6535/2001
|0 0
|1 0
|4 0
|d 2001-05-18
|l 0
|r 2005-01-02 00:00:00
|w 2026-02-24
|